000 00673cam a2200205 a 4500
001 000014421
005 20200929163841.0
008 860127s1970 ck 000 0 spa d
040 _aDO-SdBNP
_bspa
_cBNPHU
082 _a986.10632
_bB562d
100 1 _aBetancur, Belisario,
_d1923-
_932544
245 1 0 _aDespierta, Colombia! /
_cBelisario Betancur.
260 _aBogotá :
_bTercer Mundo,
_c1970.
300 _a329 p. ;
_c21 cm.
490 1 _aDocumentos Políticos
504 _aIncluye notas al pie de las páginas.
651 4 _aColombia
_xPolítica Y Gobierno
_y1946-1974.
_94127
651 4 _aColombia
_xPolítica Social
_932545
830 0 _aDocumentos Políticos
_930638
999 _c14012
_d14012